Score 0/10 Timer 02:00
0 Plays Today
% Correct
Alaska
95.8%
Colorado
93.8%
California
91.8%
Washington
83.1%
Montana
78.8%
Wyoming
74.9%
Utah
70.3%
Nevada
57.3%
Hawaii
56%
New Mexico
51.1%
Remove Ads.
Support Sporcle.
Get the best of Sporcle when you Go Orange. This ad-free experience offers more features, more stats, and more fun while also helping to support Sporcle. Thank you for becoming a member.

You're not logged in!

Compare scores with friends on all Sporcle quizzes.
OR
Log In

Show Comments

Extras

Top Quizzes Today


Score Distribution

Your Account Isn't Verified!

In order to create a playlist on Sporcle, you need to verify the email address you used during registration. Go to your Sporcle Settings to finish the process.

Report this User

Report this user for behavior that violates our Community Guidelines.

Details: